<?xml version="1.0" encoding="UTF-8"?>
<record
    xmlns:xsi="http://www.w3.org/2001/XMLSchema-instance"
    xsi:schemaLocation="http://www.loc.gov/MARC21/slim http://www.loc.gov/standards/marcxml/schema/MARC21slim.xsd"
    xmlns="http://www.loc.gov/MARC21/slim">

  <leader>01198nam0a22002891  4500</leader>
  <controlfield tag="001">v19\rc\1993223</controlfield>
  <controlfield tag="005">20260406003113.0</controlfield>
  <datafield tag="035" ind1=" " ind2=" ">
    <subfield code="a">(NLR Aleph) 005271374</subfield>
  </datafield>
  <datafield tag="090" ind1=" " ind2=" ">
    <subfield code="a">6003132</subfield>
    <subfield code="c">6003132</subfield>
  </datafield>
  <datafield tag="100" ind1=" " ind2=" ">
    <subfield code="a">20080811d1915    |||y0rusy50      ca</subfield>
  </datafield>
  <datafield tag="101" ind1="0" ind2=" ">
    <subfield code="a">rus</subfield>
  </datafield>
  <datafield tag="102" ind1=" " ind2=" ">
    <subfield code="a">RU</subfield>
  </datafield>
  <datafield tag="105" ind1=" " ind2=" ">
    <subfield code="a">a   z   |||||</subfield>
  </datafield>
  <datafield tag="200" ind1="1" ind2=" ">
    <subfield code="a">&#x41F;&#x43E;&#x43B;&#x43E;&#x432;&#x43E;&#x435; &#x431;&#x435;&#x441;&#x441;&#x438;&#x43B;&#x438;&#x435;</subfield>
    <subfield code="e">&#x421; &#x43F;&#x440;&#x438;&#x43B;. &#x441;&#x442;&#x430;&#x442;&#x435;&#x439;: &#x43F;&#x440;&#x438;&#x432;.-&#x434;&#x43E;&#x446;. &#x410;.&#x413;. &#x413;&#x43E;&#x439;&#x445;&#x431;&#x430;&#x440;&#x433; "&#x417;&#x43D;&#x430;&#x447;&#x435;&#x43D;&#x438;&#x435; &#x43F;&#x43E;&#x43B;&#x43E;&#x432;&#x43E;&#x433;&#x43E; &#x431;&#x435;&#x441;&#x441;&#x438;&#x43B;&#x438;&#x44F; &#x432; &#x433;&#x440;&#x430;&#x436;&#x434;&#x430;&#x43D;&#x441;&#x43A;&#x43E;&#x43C; (&#x441;&#x435;&#x43C;&#x435;&#x439;&#x43D;&#x43E;&#x43C;) &#x43F;&#x440;&#x430;&#x432;&#x435;", &#x421;.&#x418;. &#x420;&#x443;&#x434;&#x435;&#x43D;&#x43A;&#x43E; "&#x41F;&#x43E;&#x43B;&#x43E;&#x432;&#x43E;&#x435; &#x431;&#x435;&#x441;&#x441;&#x438;&#x43B;&#x438;&#x435; &#x432; &#x44D;&#x442;&#x43D;&#x43E;&#x433;&#x440;&#x430;&#x444;&#x438;&#x438;"</subfield>
    <subfield code="f">&#x414;-&#x440; &#x41B;.&#x42F;. &#x42F;&#x43A;&#x43E;&#x431;&#x437;&#x43E;&#x43D;</subfield>
  </datafield>
  <datafield tag="210" ind1=" " ind2=" ">
    <subfield code="a">&#x41F;&#x435;&#x442;&#x440;&#x43E;&#x433;&#x440;&#x430;&#x434;</subfield>
    <subfield code="c">&#x41A;.&#x41B;. &#x420;&#x438;&#x43A;&#x43A;&#x435;&#x440;</subfield>
    <subfield code="d">1915</subfield>
  </datafield>
  <datafield tag="215" ind1=" " ind2=" ">
    <subfield code="a">VI, 436 &#x441;.</subfield>
    <subfield code="c">&#x438;&#x43B;.</subfield>
    <subfield code="d">26</subfield>
  </datafield>
  <datafield tag="320" ind1=" " ind2=" ">
    <subfield code="a">&#x411;&#x438;&#x431;&#x43B;&#x438;&#x43E;&#x433;&#x440;.: &#x441;. 371-382</subfield>
  </datafield>
  <datafield tag="700" ind1=" " ind2="1">
    <subfield code="8">rus</subfield>
    <subfield code="7">ca</subfield>
    <subfield code="a">&#x42F;&#x43A;&#x43E;&#x431;&#x437;&#x43E;&#x43D;</subfield>
    <subfield code="b">&#x41B;. &#x42F;.</subfield>
    <subfield code="f">1873-1943</subfield>
    <subfield code="g">&#x41B;&#x44E;&#x434;&#x432;&#x438;&#x433; &#x42F;&#x43A;&#x43E;&#x432;&#x43B;&#x435;&#x432;&#x438;&#x447;</subfield>
    <subfield code="3">RU\NLR\AUTH\77112647</subfield>
    <subfield code="9">95572</subfield>
  </datafield>
  <datafield tag="801" ind1=" " ind2="0">
    <subfield code="a">RU</subfield>
    <subfield code="b">NLR</subfield>
    <subfield code="c">20080811</subfield>
    <subfield code="g">psbo</subfield>
  </datafield>
  <datafield tag="801" ind1=" " ind2="0">
    <subfield code="a">RU</subfield>
    <subfield code="b">RuMoRGB</subfield>
    <subfield code="c">20080811</subfield>
    <subfield code="2">psbo</subfield>
  </datafield>
  <datafield tag="801" ind1=" " ind2="1">
    <subfield code="a">RU</subfield>
    <subfield code="b">ProSoft-M</subfield>
    <subfield code="c">20080811</subfield>
    <subfield code="2">rusmarc</subfield>
  </datafield>
  <datafield tag="801" ind1=" " ind2="2">
    <subfield code="a">RU</subfield>
    <subfield code="b">NLR</subfield>
    <subfield code="c">20120705</subfield>
    <subfield code="2">rusmarc</subfield>
  </datafield>
  <datafield tag="852" ind1=" " ind2=" ">
    <subfield code="a">NLR</subfield>
    <subfield code="j">37.48.5.60</subfield>
  </datafield>
  <datafield tag="852" ind1=" " ind2=" ">
    <subfield code="a">NLR</subfield>
    <subfield code="j">132/536</subfield>
  </datafield>
  <datafield tag="852" ind1=" " ind2=" ">
    <subfield code="a">NLR</subfield>
    <subfield code="b">&#x41C;&#x444;</subfield>
    <subfield code="j">&#x41A;1/6974</subfield>
  </datafield>
  <datafield tag="942" ind1=" " ind2=" ">
    <subfield code="c">BOOK</subfield>
  </datafield>
  <datafield tag="980" ind1=" " ind2=" ">
    <subfield code="a">NB</subfield>
  </datafield>
  <datafield tag="995" ind1=" " ind2=" ">
    <subfield code="5">2013-10-26</subfield>
    <subfield code="b">NLR02</subfield>
    <subfield code="c">NLR02</subfield>
    <subfield code="e">RFS</subfield>
    <subfield code="f">5271374-10</subfield>
    <subfield code="k">37.48.5.60</subfield>
    <subfield code="o">0</subfield>
    <subfield code="r">BOOK</subfield>
    <subfield code="s">3748560_</subfield>
  </datafield>
  <datafield tag="995" ind1=" " ind2=" ">
    <subfield code="5">2013-10-26</subfield>
    <subfield code="b">NLR02</subfield>
    <subfield code="c">NLR02</subfield>
    <subfield code="e">RFS</subfield>
    <subfield code="f">5271374-20</subfield>
    <subfield code="k">132/536</subfield>
    <subfield code="o">0</subfield>
    <subfield code="r">BOOK</subfield>
    <subfield code="s">132536_</subfield>
  </datafield>
  <datafield tag="995" ind1=" " ind2=" ">
    <subfield code="5">2013-10-26</subfield>
    <subfield code="b">NLR01</subfield>
    <subfield code="c">NLR01</subfield>
    <subfield code="e">FM</subfield>
    <subfield code="f">5271374-30</subfield>
    <subfield code="k">&#x41C;&#x444; &#x41A;1/6974</subfield>
    <subfield code="o">0</subfield>
    <subfield code="r">BOOK</subfield>
    <subfield code="s">_16974</subfield>
  </datafield>
</record>
